| 000 | 01306nam a2200385 a 4500 | ||
|---|---|---|---|
| 001 | 000114890 | ||
| 003 | CHAP | ||
| 005 | 20220329144503.0 | ||
| 008 | 180727s2017 mx |rl l||0|0|spa d | ||
| 010 | _a111351 | ||
| 011 | _a112323 | ||
| 020 | _a9786071204714 | ||
| 040 | _cCHAP | ||
| 082 | 0 | 4 |
_a630.7 _bR24 |
| 245 | 0 | 0 |
_aRedes de educación para el desarrollo rural sustentable y competitivo / _cpor Gustavo Almaguer Vargas...[et al.]. |
| 260 |
_aMéxico : _bUACH, _c2017. |
||
| 300 |
_a160 p. : _bil. : cuadros. |
||
| 590 |
_aE11695DGD _b10 _c20190503 _lUCH01 _h1055 |
||
| 590 |
_aE11695DGD _b10 _c20190503 _lUCH01 _h1055 |
||
| 590 |
_aE8697GMM _b05 _c20180727 _lUCH01 _h0946 |
||
| 590 |
_aE8697GMM _b05 _c20181130 _lUCH01 _h0926 |
||
| 590 |
_aE8697GMM _b05 _c20181130 _lUCH01 _h0930 |
||
| 590 |
_aE8697GMM _b05 _c20190502 _lUCH01 _h1557 |
||
| 590 |
_aE8697GMM _b05 _c20190503 _lUCH01 _h1038 |
||
| 590 |
_aE8697GMM _b05 _c20190503 _lUCH01 _h1039 |
||
| 590 |
_aE8697GMM _b05 _c20190503 _lUCH01 _h1049 |
||
| 650 | 1 | 4 |
_aDesarrollo de la comunidad rural _zMéxico. _932040 |
| 650 | 1 | 4 |
_aEducación de adultos. _935562 |
| 650 | 1 | 4 |
_aEducación rural _xMéxico. _935591 |
| 650 | 1 | 4 |
_aExtensión agrícola _xMéxico. _939173 |
| 700 | 0 |
_aAlmaguer Vargas, Gustavo. _94475 |
|
| 901 | _aBK | ||
| 942 | _cLIBRO | ||
| 942 | _n0 | ||
| 999 |
_c111351 _d111351 |
||